000 01635nam a2200265Ia 4500
999 _c52710
_d52710
001 19735
003 GE_BSU
005 20200415233304.0
008 181216s2013||||ge |||||||||||||| ||geo||
020 _aISBN 978-9941-0-6215-5
040 _cGE_BSU
041 _ageo
080 _a328 პ-19
245 _aპარლამენტის სამეცნიერო-საინფორმაციო უზრუნველყოფის განყოფილების შრომები : 2007-2008 წლები
_b2007-2008 წლები /
_cსაქართველოს პარლამენტის ეროვნული ბიბლიოთეკა
264 _aთბილისი :
_bსაქ. პარლამენტის ეროვნ. ბიბ-კა,
_c2013.
300 _a140 გვ. ;
_c20 სმ.
500 _aმასალა მოამზადა საქართველოს პარლამენტის ეროვნული ბიბლიოთეკის პარლამენტის სამეცნიერო-უზრუნველყოფის განყოფილებამ
653 _aპარლამენტარისტული მმართველობა
653 _aდემოკრატია
653 _aარჩევნები
653 _aპარლამენტი
653 _aმთავრობა
710 _aსაქართველოს პარლამენტის ეროვნული ბიბლიოთეკა
_97897
942 _cBK
_2udc